[Event "45th Olympiad 2024"]
[Site "Budapest HUN"]
[Date "2024.09.22"]
[Round "11.27"]
[Board "2"]
[White "Fluvia Poyatos, Jordi"]
[Black "Blomqvist, Erik"]
[Result "1/2-1/2"]
[WhiteElo "2438"]
[BlackElo "2491"]
[PlyCount "94"]
[EventDate "2024.09.11"]
[WhiteTeam "Andorra"]
[BlackTeam "Sweden"]
[WhiteTeamCountry "AND"]
[BlackTeamCountry "SWE"]

1. e4 e5 2. Nf3 Nc6 3. d4 exd4 4. Nxd4 Nf6 5. Nxc6 bxc6 6. e5 Qe7 7. Qe2 Nd5 8. h4 Qe6 9. g3 d6 10. c4 Nb6 11. Bf4 ({RR} 11. exd6 Bxd6 12. Be3 O-O 13. Nd2 Ba6 14. Bh3 Qe5 15. Bxb6 axb6 16. Qxe5 Bxe5 17. O-O-O Bb7 18. a3 c5 19. Rh2 Rad8 20. Bg2 Bc8 21. f4 Bd4 22. Bd5 Rfe8 23. Nf3 Be3+ 24. Kc2 Bf5+ 25. Kb3 Be4 {1-0 Nepomniachtchi,I (2732)-Kramnik,V (2808) Leuven GCT blitz 2017 (17)}) 11... dxe5 12. Qxe5 Bb4+ 13. Nd2 Qxe5+ $146 ({RR} 13... O-O 14. Qxe6 Bxe6 15. O-O-O Bxd2+ 16. Rxd2 Nxc4 17. Rc2 Bd5 18. Rg1 Nd6 19. Bg2 Bxg2 20. Rxg2 Rfe8 21. Rg1 Nf5 22. Rd1 Re6 23. Bxc7 h5 24. Rc5 g6 25. Ra5 Re2 26. Rd2 Re1+ 27. Kc2 Rc8 28. Be5 {1-0 Petr,M (2484)-Storme,I (2353) Pardubice Czech op-A 31st 2020 (5)}) ({RR} 13... O-O 14. Qxe6 Bxe6 15. O-O-O Bxd2+ 16. Rxd2 Nxc4 17. Rc2 Bd5 18. Rg1 Nd6 19. Bg2 Rac8 20. Bxd5 cxd5 21. Rd1 Rfe8 22. Rxd5 Kf8 23. b3 Ke7 24. Ra5 Kd7 25. Rxa7 Re4 26. a4 Rb4 27. Kb2 f6 28. Ka3 {1-0 Rodriguez Basulto,R (2264)-Garduno Huerta,J (1962) 2nd Mi Veracruz Open 2024 (5.12)}) 14. Bxe5 O-O 15. a3 Bd6 16. Bxd6 Re8+ 17. Kd1 cxd6 18. Bd3 Ba6 19. Kc2 d5 20. b3 dxc4 21. Nxc4 Bxc4 22. bxc4 Re5 23. Rhe1 Rc5 24. Kc3 Kf8 25. a4 a5 26. g4 Rd8 27. Re2 g6 28. g5 h6 29. f4 Kg7 30. Ra3 Rd6 31. Re8 hxg5 32. hxg5 f6 33. Re7+ Kf8 34. gxf6 Rxf6 35. Re5 Nd7 36. Rxc5 Nxc5 37. Kd4 Nd7 38. Ke3 Ke7 39. Ra1 Nc5 40. Rg1 Nxd3 41. Kxd3 Kd6 42. Kc3 Rxf4 43. Rxg6+ Kc7 44. Rg5 Kb6 45. Rh5 Rf3+ 46. Kb2 Rf2+ 47. Kb3 Rf3+ 1/2-1/2

[Event "45th Olympiad 2024"]
[Site "Budapest HUN"]
[Date "2024.09.22"]
[Round "11.27"]
[Board "3"]
[White "Lokander, Martin"]
[Black "De La Riva Aguado, Oscar"]
[Result "1/2-1/2"]
[WhiteElo "2469"]
[BlackElo "2431"]
[PlyCount "64"]
[EventDate "2024.09.11"]
[WhiteTeam "Sweden"]
[BlackTeam "Andorra"]
[WhiteTeamCountry "SWE"]
[BlackTeamCountry "AND"]

1. d4 f5 2. g3 Nf6 3. Bg2 g6 4. Nd2 Bg7 5. e4 fxe4 6. Nxe4 Nxe4 7. Bxe4 d5 8. Bg2 Nc6 9. Nf3 O-O 10. c3 ({RR} 10. h3 Bf5 11. c3 Qd7 12. Bf4 Be4 13. O-O Rxf4 14. gxf4 Rf8 15. Ne5 Nxe5 16. fxe5 Rf4 17. f3 Bf5 18. Kh2 g5 19. Qe2 e6 20. Rg1 h6 21. b3 c5 22. dxc5 Qc7 23. Rge1 Qxc5 24. Qe3 Qc7 {0-1 Arencibia,A (2122)-Bartel,M (2647) Titled Tue 2nd Apr Early 2024 (7)}) 10... Bf5 11. Nh4 Be6 12. O-O $146 ({RR} 12. f4 Qd7 13. O-O Bh3 14. Be3 Bxg2 15. Kxg2 e6 16. Qd3 Ne7 17. Rae1 Nf5 18. Nf3 Rae8 19. Re2 Nd6 20. Rfe1 Qf7 21. Bc1 Qf5 22. Qd1 Bf6 23. h3 h5 24. Nh2 Bg7 25. g4 Qf7 26. Nf3 Ne4 {½-½ Dubov,D (2690)-Anton Guijarro,D (2685) Wch Rapid Moscow 2019 (13)}) 12... Qd7 13. Re1 Rae8 14. Qe2 Nd8 15. Bf4 c6 16. Qe3 Bg4 17. Nf3 Bxf3 18. Bxf3 e5 19. Bxe5 Nf7 20. Bg2 Nxe5 21. dxe5 Rxe5 22. Qxa7 Rxe1+ 23. Rxe1 d4 24. Qc5 dxc3 25. bxc3 Qd2 26. Qe3 Qxa2 27. f4 Qb2 28. Qe6+ Kh8 29. c4 Qd4+ 30. Kh1 b5 31. cxb5 cxb5 32. h4 b4 1/2-1/2

[Event "45th Olympiad 2024"]
[Site "Budapest HUN"]
[Date "2024.09.22"]
[Round "11.27"]
[Board "4"]
[White "Ribera Veganzones, Serni"]
[Black "Pantzar, Milton"]
[Result "0-1"]
[WhiteElo "2309"]
[BlackElo "2437"]
[PlyCount "198"]
[EventDate "2024.09.11"]
[WhiteTeam "Andorra"]
[BlackTeam "Sweden"]
[WhiteTeamCountry "AND"]
[BlackTeamCountry "SWE"]

1. e4 e5 2. Nf3 Nc6 3. Bb5 a6 4. Ba4 Nf6 5. O-O Be7 6. Re1 b5 7. Bb3 d6 8. c3 O-O 9. h3 Na5 10. Bc2 c5 11. d4 Qc7 12. d5 Nc4 13. b3 Nb6 14. a4 c4 15. axb5 cxb3 16. Bd3 Nfd7 17. Be3 b2 $146 ({RR} 17... a5 18. Qxb3 Nc5 19. Qc2 Nxd3 20. Qxd3 f5 21. Nfd2 Bh4 22. c4 f4 23. Bxb6 Qxb6 24. Re2 Bd8 25. Nc3 Qa7 26. Na4 Bb6 27. Nf3 Bd7 28. Rea2 Rfc8 29. Nxb6 Qxb6 30. Nd2 Rc7 31. Ra4 Rca7 32. Nb3 {1-0 Juhasz,A (2418)-Konyves,A (2315) SixDays Budapest GM March 2024 (6.2)}) 18. Ra2 axb5 19. Rxb2 Nc4 20. Rxb5 Nxe3 21. Rxe3 Nc5 22. Bc2 Ra1 23. Re1 Qa7 24. Qd2 Bd8 25. Rb2 Bb6 26. Qe2 Ba6 27. c4 Ba5 28. Nbd2 Ra3 29. Rf1 Bc3 30. Rbb1 Ra2 31. Bb3 Ra3 32. Rfc1 Ba5 33. Ra1 Rxa1 34. Rxa1 Qc7 35. Bc2 Rb8 36. Qd1 Bb6 37. Rb1 g6 38. Ne1 Rf8 39. Nd3 Ba7 40. Nb4 Bb7 41. Nd3 Bc8 42. Nxc5 Qxc5 43. Qe2 Qc7 44. Nb3 Bd7 45. c5 Bxc5 46. Nxc5 Qxc5 47. Bd3 Ra8 48. Qc2 Qxc2 49. Bxc2 Kf8 50. g4 Ke7 51. Rb3 Ra5 52. Kg2 Rc5 53. Bd3 h6 54. Rb7 Kd8 55. Rb3 Bc8 56. Kg3 Ke7 57. Ra3 f5 58. gxf5 gxf5 59. f4 Kf6 60. h4 fxe4 61. Bxe4 exf4+ 62. Kxf4 Rc4 63. Ra8 Bb7 64. Ra5 Rb4 65. Ke3 Ke5 66. Bf3 Rxh4 67. Rb5 Bc8 68. Rb8 Rc4 69. Rb1 Bf5 70. Rb8 Rc3+ 71. Kf2 Bc8 72. Rb4 Rc7 73. Rh4 Rh7 74. Rh5+ Kf4 75. Rh4+ Kg5 76. Rh5+ Kf6 77. Be4 Rh8 78. Ke3 Bd7 79. Kf4 Kg7 80. Rh1 Rf8+ 81. Ke3 Bg4 82. Ra1 h5 83. Ra7+ Kh6 84. Rh7+ Kg5 85. Rg7+ Kf6 86. Rh7 Re8 87. Rh6+ Ke5 88. Bg6 Ra8 89. Kf2 Ra2+ 90. Kg3 Ra3+ 91. Kg2 Ra2+ 92. Kg3 Ra3+ 93. Kg2 Bf3+ 94. Kh2 Ra1 95. Kg3 Ra3 96. Kh2 Kf4 97. Bf7 Ra2+ 98. Kg1 Kg3 99. Rg6+ Bg4 0-1

[Event "45th Olympiad 2024"]
[Site "Budapest HUN"]
[Date "2024.09.22"]
[Round "11.28"]
[Board "1"]
[White "Neiksans, Arturs"]
[Black "Romanov, Evgeny"]
[Result "1/2-1/2"]
[WhiteElo "2571"]
[BlackElo "2567"]
[PlyCount "98"]
[EventDate "2024.09.11"]
[WhiteTeam "Latvia"]
[BlackTeam "North Macedonia"]
[WhiteTeamCountry "LAT"]

1. Nf3 {ChessBase} c5 2. c4 Nc6 3. d4 cxd4 4. Nxd4 Qb6 5. Nb3 e6 6. e4 Bb4+ 7. Nc3 Nf6 8. Bd3 d6 ({RR} 8... O-O 9. Bf4 a5 ({RR} 9... d5 10. e5 ({RR} 10. exd5 exd5 11. O-O dxc4 12. Bxc4) 10... dxc4 11. exf6 cxd3 12. fxg7 Rd8) 10. O-O a4 11. e5 Ne8 12. Nd2 Qd4 ({RR} 12... a3 13. Nb5 axb2 14. Rb1 Rxa2 15. Qb3 Qa5 16. Rxb2 Rxb2 17. Qxb2) 13. Nde4 Nxe5 14. Nf6+ Kh8 ({RR} 14... Nxf6 15. Bxh7+ Nxh7 16. Qxd4) 15. Bxe5 Qxe5 16. Nxh7 Bxc3 ({RR} 16... a3 17. Re1 Qa5 ({RR} 17... Qf4 18. Nxf8 axb2 19. Qh5+ Kg8 20. Qh7+ Kxf8 21. Qh8+ Ke7 22. Nd5+) 18. Nd5 exd5 19. Qh5 Kg8 20. Rxe8 Rxe8 21. Ng5) 17. bxc3 Rg8 18. Re1 Qf4 19. Re4 Qh6 20. Re3 g6 21. Rh3 Qxh3 22. gxh3 Kxh7 23. h4 {1-0 Romanov,E (2643)-Svane,R (2494) Politiken Cup 36th 2014 (4)}) 9. O-O Bxc3 10. bxc3 O-O 11. Bg5 $146 ({RR} 11. Ba3 Rd8 12. c5 dxc5 13. Bxc5 Qc7 14. Qe2 b6 15. Bd4 e5 16. Be3 h6 17. Rfd1 Be6 18. Rac1 Ng4 19. Bd2 Qe7 20. h3 Nf6 21. Bc4 Bxc4 22. Qxc4 Rac8 23. Qe2 Rd7 24. f3 Rcd8 25. Be3 Qa3 {½-½ Claesen,P (2367)-De Haan,E (2334) BEL-chT 1011 2010 (6.4)}) ({RR} 11. Ba3 Rd8 12. Re1 e5 13. Qf3 Qc7 14. h3 b6 15. Rad1 Be6 16. Bc1 Nd7 17. Qg3 Nf8 18. Bf1 f6 19. f4 Qf7 20. Ba3 Bxc4 21. Bxd6 Bxf1 22. Rxf1 Qe6 23. f5 Qc4 24. Qe3 Rac8 25. Rd3 Rd7 {½-½ Shabalov,A (2534)-Wang,R (2307) Calgary op 2012 (9.2)}) 11... Nd7 12. Qh5 Nce5 13. Rad1 f6 14. Bc1 Nc5 15. Bc2 Qc7 16. Rd4 b6 17. Rfd1 Bb7 18. f4 Nf7 19. e5 f5 20. exd6 Qc6 21. Qe2 Na4 22. R1d3 e5 23. fxe5 Nxe5 24. Re3 Ng4 25. Re7 Nxc3 26. Qf3 Qxf3 27. gxf3 Bxf3 28. h3 Nf6 29. Rd3 Ne2+ 30. Kf2 Nxc1 31. Rxf3 Nxb3 32. Bxb3 Ne4+ 33. Ke3 Nc5 34. Bc2 g6 35. Kf4 a5 36. h4 Rad8 37. Ke5 Rf7 38. Rf1 Kf8 39. Rxf7+ Kxf7 40. Rb1 Rc8 41. Kd5 Nd7 42. Ba4 Nf6+ 43. Kd4 Rb8 44. Ke5 Ne4 45. Bc6 Nc5 46. a3 Nd3+ 47. Kd4 Nc5 48. Ke5 Nd3+ 49. Kd4 Nc5 1/2-1/2

[Event "45th Olympiad 2024"]
[Site "Budapest HUN"]
[Date "2024.09.22"]
[Round "11.28"]
[Board "2"]
[White "Nikolovski, Nikola"]
[Black "Meshkovs, Nikita"]
[Result "1/2-1/2"]
[WhiteElo "2388"]
[BlackElo "2534"]
[PlyCount "89"]
[EventDate "2024.09.11"]
[WhiteTeam "North Macedonia"]
[BlackTeam "Latvia"]
[BlackTeamCountry "LAT"]

1. e4 Nf6 2. e5 Nd5 3. d4 d6 4. c4 Nb6 5. f4 dxe5 6. fxe5 Nc6 7. Be3 Bf5 8. Nc3 e6 9. Be2 Be7 10. Nf3 O-O 11. O-O f6 12. exf6 Bxf6 13. h3 h6 14. Qd2 ({RR} 14. Kh1 Qe7 15. Qd2 Rad8 16. Rad1 g5 17. g4 Bg6 18. h4 Qh7 19. hxg5 hxg5+ 20. Kg2 Be4 21. c5 Nxd4 22. Bxd4 Rxd4 23. Qe3 Nc4 24. Bxc4 Rxc4 25. Ne2 Qh4 26. Qxe4 Rxe4 27. Nxh4 Rxe2+ 28. Kf3 Rxb2 {0-1 Anshuman,K (1963)-Flak,P (2160) 60th Rubinstein Mem Open 2024 (1.27)}) 14... Qe7 15. Rad1 Rad8 16. Qc1 Rd7 $146 ({RR} 16... Bg6 17. Rfe1 Nb4 18. Bf2 c5 19. dxc5 Nd7 20. Rd6 Ne5 21. Nxe5 Bxe5 22. Rxd8 Qxd8 23. Qe3 Bb8 24. Rd1 Qf6 25. Bf3 Nc2 26. Ne4 Qe5 27. Qc3 Qh2+ 28. Kf1 Bxe4 29. Bxe4 Qh1+ 30. Ke2 Rxf2+ 31. Kxf2 {½-½ Rosen,D (2221)-Baruch,A (2200) BCF-chT3a 0001 (4NCL) 2000 (4.1)}) ({RR} 16... Bh7 17. Kh1 Kh8 18. Bg1 Rd7 19. Rfe1 Rfd8 20. c5 Nd5 21. Bc4 Qf7 22. Ne4 Be7 23. Bb5 Bxe4 24. Rxe4 Bf6 25. Rf1 Qg8 26. Qe1 Re7 27. Bf2 a6 28. Bc4 Ree8 29. a3 Qf7 30. Bh4 Qg6 31. Ba2 {1-0 Klek,H (2278)-Gosciniak,M (2070) BL 1819 (Women) 2018 (1.2)}) 17. Rd2 Rfd8 18. Rfd1 g5 19. d5 Ne5 20. Bxb6 Nxf3+ 21. Bxf3 axb6 22. Kh1 Be5 23. dxe6 Rxd2 24. Rxd2 Rxd2 25. Qxd2 c6 26. Qe3 Qxe6 27. g4 Bg7 28. Qxb6 Qe1+ 29. Kg2 Qd2+ 30. Qf2 Qxf2+ 31. Kxf2 Bd3 32. Be2 Bd4+ 33. Ke1 Bg6 34. Kd2 Kg7 35. Bd3 Bf7 36. b3 Kf6 37. Ne2 Ke5 38. Bf5 Bf2 39. Bh7 h5 40. Bf5 h4 41. Kd3 Bc5 42. Kc3 Bf2 43. Kd3 Bc5 44. Kc3 Ba3 45. Kd3 1/2-1/2

[Event "45th Olympiad 2024"]
[Site "Budapest HUN"]
[Date "2024.09.22"]
[Round "11.28"]
[Board "3"]
[White "Kantans, Toms"]
[Black "Risteski, Emil"]
[Result "1-0"]
[WhiteElo "2486"]
[BlackElo "2367"]
[PlyCount "93"]
[EventDate "2024.09.11"]
[WhiteTeam "Latvia"]
[BlackTeam "North Macedonia"]
[WhiteTeamCountry "LAT"]

1. e4 c5 2. Nf3 e6 3. d4 cxd4 4. Nxd4 Nf6 5. Nc3 Nc6 6. Ndb5 Bc5 7. Bf4 O-O 8. Bc7 Qe7 9. Bd6 Bxd6 10. Qxd6 Qd8 11. O-O-O a6 12. Nd4 Ne7 13. h4 b5 14. h5 h6 ({RR} 14... Ne8 15. Qh2 h6 16. g4 b4 17. Na4 Qa5 18. b3 Bb7 19. f3 Rc8 20. Kb1 Qc7 21. Qxc7 Rxc7 22. Nb6 Nf6 23. Rh2 Rb8 24. Nc4 d5 25. exd5 Nexd5 26. Kb2 Nc3 27. Rdd2 Rd7 28. a3 bxa3+ 29. Nxa3 {1-0 Fressinet,L (2652)-Dreev,A (2606) Julius Baer Rapid Div 2 W 2023 (1.2)}) ({RR} 14... Ne8 15. Qh2 b4 16. Nce2 Bb7 17. f3 Qa5 18. Kb1 Qb6 19. h6 g6 20. Nb3 d6 21. Qg1 Qc7 22. Qd4 a5 23. Qd2 e5 24. Nbc1 d5 25. Ng3 d4 26. Nd3 Nd6 27. Nxe5 Nxe4 28. Nxe4 Bxe4 29. Ng4 {1-0 Drygalov,A (2484)-Risteski,E (2366) Titled Tue 11th Apr Early 2023 (4)}) 15. g4 Bb7 16. f3 Re8 17. Nb3 $146 ({RR} 17. Bd3 Qb8 18. Qxb8 Raxb8 19. Rhe1 b4 20. Na4 d6 21. b3 e5 22. Ne2 a5 23. Ng3 d5 24. exd5 Bxd5 25. Ne4 Bxe4 26. Bxe4 Nxe4 27. Rxe4 Nc6 28. Rd5 f6 29. Rc5 Nd4 30. Rxa5 Re7 31. Nc5 Nxf3 {½-½ Mompel Ferruz,X (2315)-Ayats Llobera,G (2428) Barcelona Holy Week IM 2024 (8.3)}) ({RR} 17. Rh2 Qb8 18. Nb3 Bc6 19. a3 Rc8 20. Rhd2 Qxd6 21. Rxd6 Rc7 22. Be2 Nc8 23. R6d2 e5 24. Na5 Kf8 25. Na2 Nb6 26. Nb4 Ne8 27. b3 Bb7 28. Kb2 d6 29. c4 bxc4 30. Nxc4 Nxc4+ 31. Bxc4 a5 {1-0 Nevednichy,V (2514)-Pastar,S (2350) Vojvodina-chT 21st 2021 (2.1)}) ({RR} 17. a3 Qb8 18. Nb3 Bc6 19. Qxb8 Raxb8 20. Rh2 e5 21. Na5 Ba8 22. Rhd2 Rb6 23. b4 Rd8 24. Rd6 Rdb8 25. R6d2 Rd8 26. Rd6 Rdb8 27. Nb3 Nc8 28. R6d2 Kf8 29. Na5 Ne7 30. Kb2 Ke8 31. Be2 Rc8 {1-0 Nevednichy,V (2472)-Gavrilescu,D (2523) ROM-chT Oradea 2022 (7.17)}) 17... Qb8 18. Na5 Qxd6 19. Rxd6 Bc6 20. a3 Red8 21. Bg2 Ne8 22. Rd3 e5 23. Rhd1 d6 24. Na2 Ra7 25. Nb4 Ba8 26. Bf1 Rc8 27. a4 bxa4 28. Ra3 d5 29. exd5 Nf6 30. Bxa6 Rb8 31. Rxa4 Nfxd5 32. Rxd5 Nxd5 33. Nbc6 Rxa6 34. Nxb8 Ra7 35. Ra3 Ne7 36. b4 e4 37. fxe4 Bxe4 38. Re3 Bg2 39. c4 f5 40. gxf5 Nxf5 41. Re5 Nd4 42. Kb2 Ra8 43. Nd7 Nc6 44. Nxc6 Bxc6 45. Nc5 Be8 46. Ne4 Bc6 47. Nd6 1-0

[Event "45th Olympiad 2024"]
[Site "Budapest HUN"]
[Date "2024.09.22"]
[Round "11.28"]
[Board "4"]
[White "Zlatkov, Anton"]
[Black "Starostits, Ilmars"]
[Result "0-1"]
[WhiteElo "2346"]
[BlackElo "2344"]
[PlyCount "58"]
[EventDate "2024.09.11"]
[WhiteTeam "North Macedonia"]
[BlackTeam "Latvia"]
[BlackTeamCountry "LAT"]

1. e4 c6 2. d4 d5 3. e5 Bf5 4. h4 a6 5. c4 ({RR} 5. h5 c5 6. dxc5 Nc6 7. Nf3 e6 8. Be3 Bg4 9. c3 Nh6 10. Bxh6 gxh6 11. Nbd2 Bxc5 12. Qa4 Bxf3 13. Nxf3 Qb6 14. Qc2 Rc8 15. Bd3 Rg8 16. Kf1 Rg4 17. Qe2 Kd7 18. Rd1 Rcg8 19. g3 Kc8 {½-½ Vokhidov,S (2596)-Rapport,R (2731) World Blitz 2023 (12.17)}) 5... e6 6. Nc3 h5 7. Nge2 ({RR} 7. cxd5 cxd5 8. Bd3 Bxd3 9. Qxd3 Nc6 10. Bg5 Qb6 11. Nge2 Nge7 12. O-O Nf5 13. Rfd1 g6 14. Bf6 Bg7 15. Bxg7 Nxg7 16. Nf4 Nf5 17. Ncxd5 exd5 18. Nxd5 Qd8 19. Qe4 Qxh4 20. Qxh4 Nxh4 21. Nc7+ Kd7 {1-0 Nagare Kaivalya Sandip (2074)-Seo,J (2466) Titled Tue 27th Feb Early 2024 (3)}) 7... dxc4 $146 ({RR} 7... Be7 8. Ng3 Bg4 9. Qb3 Ra7 10. Bg5 Nd7 11. f3 f6 12. exf6 gxf6 13. Bf4 e5 14. fxg4 exf4 15. Nf5 Nh6 16. cxd5 Nxf5 17. gxf5 c5 18. d6 Bxd6 19. O-O-O {1-0 Morozevich,A (2659)-Krupenski,J (2404) Puhajarve Rapid op 21st 2021 (9)}) 8. Ng3 b5 9. Bg5 Be7 10. a4 Nd7 11. Nxf5 exf5 12. Qf3 Bxg5 13. hxg5 Ne7 14. Rxh5 Rxh5 15. Qxh5 Nf8 16. Rd1 g6 17. Qh8 Qa5 18. Qf6 Rc8 19. Be2 Nd5 20. Qh8 bxa4 21. Kf1 a3 22. Nxd5 cxd5 23. bxa3 c3 24. Qh3 Ne6 25. Qd3 Qxa3 26. g4 f4 27. Bf3 Qa2 28. Qb1 Qc4+ 29. Be2 c2 0-1

[Event "45th Olympiad 2024"]
[Site "Budapest HUN"]
[Date "2024.09.22"]
[Round "11.29"]
[Board "1"]
[White "Garcia Pantoja, Roberto"]
[Black "Tran, Thanh Tu"]
[Result "1-0"]
[WhiteElo "2550"]
[BlackElo "2387"]
[PlyCount "107"]
[EventDate "2024.09.11"]
[WhiteTeam "Colombia"]
[BlackTeam "Japan"]
[WhiteTeamCountry "COL"]
[BlackTeamCountry "JPN"]

1. e4 c5 2. Nf3 g6 3. d4 cxd4 4. Nxd4 Bg7 5. c4 Nc6 6. Be3 Qb6 7. Nb5 Qa5+ 8. N5c3 d6 ({RR} 8... Nf6 9. Nd2 O-O 10. Be2 d6 11. O-O Be6 12. a3 Rfc8 13. b4 Qd8 14. Rc1 Nd7 15. Nd5 a5 16. Rb1 axb4 17. axb4 Ra3 18. c5 dxc5 19. bxc5 Na5 20. Qc1 Rxe3 21. Nxe3 Nxc5 22. Qd1 Bc3 23. Ndc4 {1-0 Nepomniachtchi,I (2773)-Abdusattorov,N (2661) Chess.com Rapid Wk12 KO 2022 (3.1)}) 9. Be2 f5 $146 ({RR} 9... Qb4 10. Qc1 Bd4 11. Bd2 Nf6 12. O-O Bg4 13. Bxg4 Nxg4 14. Na3 Qc5 15. Nd1 Qe5 16. Bf4 Qxe4 17. Nb5 O-O 18. Nxd4 Qxd4 19. h3 Nge5 20. Bh6 Rfd8 21. b3 Nd3 22. Qd2 d5 23. cxd5 Qxd5 24. Nc3 {0-1 Donchenko,A (2639)-Vakhidov,J (2580) UzChess Cup Challengers 2024 (7.2)}) ({RR} 9... Nf6 10. O-O O-O 11. Nd2 Nd7 12. Nb3 Qd8 13. Rc1 b6 14. f4 Bb7 15. Bf3 Rc8 16. a3 Nc5 17. Na1 Na5 18. Qe2 Nab3 19. Nxb3 Nxb3 20. Rc2 Nd4 21. Bxd4 Bxd4+ 22. Kh1 Ba6 23. b3 Bxc3 24. Rxc3 {1-0 Contreras Rodriguez,H (2220)-Duran Vega,S (2304) Latin Cup-A 3rd 2012 (6)}) ({RR} 9... Qb4 10. Qd2 Nf6 11. f3 O-O 12. O-O Be6 13. a3 Qa5 14. Ra2 Rfc8 15. b4 Qd8 16. Nd5 Ne5 17. Rc2 Nfd7 18. f4 Ng4 19. Bxg4 Bxg4 20. f5 gxf5 21. exf5 Ne5 22. c5 Qd7 23. h3 e6 24. hxg4 {1-0 Murphy,C (2336)-Young,D (1962) GBR-ch 105th 2018 (2)}) 10. exf5 Bxf5 11. O-O Nf6 12. Nd2 O-O 13. Nb3 Qd8 14. Nd4 Bd7 15. h3 Kh8 16. Qd2 Rc8 17. Rac1 Nh5 18. Nxc6 bxc6 19. Rfe1 Qa5 20. c5 d5 21. Bxh5 gxh5 22. Bd4 Rf7 23. Re5 Bxe5 24. Bxe5+ Kg8 25. Qd4 Rcf8 26. f4 Bf5 27. b4 Qa6 28. b5 cxb5 29. Nxd5 Qg6 30. Rc3 Be4 31. Qf2 h4 32. Ne3 Rd8 33. c6 Rc8 34. c7 Qh5 35. Rc5 a6 36. Ng4 Qg6 37. Qxh4 h5 38. Ne3 Kf8 39. Kh2 Ke8 40. Qe1 Bb7 41. a4 Qd3 42. axb5 axb5 43. Qa5 e6 44. Qb6 Qe4 45. Qxb5+ Ke7 46. Rc4 Qxe3 47. Qb4+ Kd7 48. Qxb7 h4 49. Qc6+ Ke7 50. Qd6+ Ke8 51. Qxe6+ Re7 52. Qxc8+ Kf7 53. Qf5+ Ke8 54. c8=R# 1-0

[Event "45th Olympiad 2024"]
[Site "Budapest HUN"]
[Date "2024.09.22"]
[Round "11.29"]
[Board "2"]
[White "Nanjo, Ryosuke"]
[Black "Cardoso Cardoso, Jose Gabriel"]
[Result "0-1"]
[WhiteElo "2372"]
[BlackElo "2508"]
[PlyCount "72"]
[EventDate "2024.09.11"]
[WhiteTeam "Japan"]
[BlackTeam "Colombia"]
[WhiteTeamCountry "JPN"]
[BlackTeamCountry "COL"]

1. e4 c5 2. Nf3 d6 3. Bb5+ Nd7 4. a4 Ngf6 5. Nc3 a6 6. Be2 b6 7. d4 cxd4 8. Qxd4 Bb7 9. O-O e6 10. Rd1 Qc7 11. Be3 Ng4 12. Bg5 h6 13. Bh4 Nge5 14. Qe3 ({RR} 14. Nxe5 dxe5 15. Qc4 Qxc4 16. Bxc4 Rc8 17. Bd3 Bc5 18. Kf1 Bd4 19. f3 Bxc3 20. bxc3 Rxc3 21. Rdb1 Bc8 22. Rb2 O-O 23. Bf2 f5 24. Bxb6 fxe4 25. Bxe4 Nf6 26. Bd3 e4 27. fxe4 Nxe4+ 28. Kg1 Nc5 {½-½ Carlsen,M (2862)-Nepomniachtchi,I (2784) Skilling op KO rapid 2020 (2.24)}) ({RR} 14. Nxe5 dxe5 15. Qd2 Bc5 16. b4 Be7 17. Bxe7 Kxe7 18. a5 Rhd8 19. Bd3 Rac8 20. Na4 b5 21. Nb2 Nf6 22. f3 Nh5 23. Rac1 Qc3 24. Qxc3 Rxc3 25. Bf1 Rdc8 26. Rd2 Nf6 27. Nd1 Rb3 28. cxb3 Rxc1 {0-1 Aitbayev,A (2380)-Cardoso Cardoso,J (2507) 30th Abu Dhabi Masters 2024 (4.42)}) 14... Rc8 $146 ({RR} 14... Ng4 15. Qd2 Be7 16. Bxe7 Kxe7 17. Nd4 Ngf6 18. Qe3 Rhb8 19. Rd2 Kf8 20. Rad1 Nc5 21. Bf3 Ne8 22. g3 Nd7 23. Bg2 Kg8 24. h3 Nf8 25. Kh2 Rc8 26. Nb3 Bc6 27. Rd4 Nd7 28. Rc4 Ne5 29. Rb4 {1-0 Movsesian,S (2607)-Bellahcene,B (2513) FRA-chT Top 16 Gp Haute 2022 (4.4)}) ({RR} 14... Nxf3+ 15. Bxf3 Be7 16. Bxe7 Kxe7 17. Rd4 e5 18. Rd2 Rhd8 19. Be2 Nf6 20. Rad1 Rac8 21. f3 Qc5 22. Qxc5 Rxc5 23. Kf2 a5 24. Nd5+ Nxd5 25. exd5 Bc8 26. c4 Bd7 27. b3 f5 28. h4 g6 29. Bd3 {½-½ Wegener,O (2390)-Samadov,R (2509) 51st Sparkassen Open A 2024 (4.7)}) ({RR} 14... Ng4 15. Qd2 Nge5 16. h3 Nxf3+ 17. Bxf3 Ne5 18. Be2 g5 19. Bg3 Be7 20. Qe3 h5 21. Rd4 Qc5 22. b4 Qc7 23. Rad1 Rd8 24. Bxe5 dxe5 25. Rc4 Rxd1+ 26. Nxd1 Qd6 27. Qc3 Kf8 28. Ne3 Kg7 29. Rc7 {1-0 Fecker,N (2308)-Baenziger,F (2400) SUI World Cup qual rapid 2021 (1)}) 15. Nd4 g5 16. Bg3 Qc5 17. Ra3 Be7 18. a5 b5 19. b4 Qxb4 20. Rb3 Qxa5 21. Ncxb5 axb5 22. Rxb5 Qc7 23. Bxe5 Nxe5 24. Qb3 Ba6 25. Nxe6 fxe6 26. Bh5+ Nf7 27. Qxe6 Bxb5 28. Qxf7+ Kd8 29. e5 Rf8 30. Qg7 Qxc2 31. h3 Qxf2+ 32. Kh1 Bf1 33. Bf3 Rxf3 34. Rxf1 Qxf1+ 35. Kh2 Rc2 36. Qg8+ Bf8 0-1

[Event "45th Olympiad 2024"]
[Site "Budapest HUN"]
[Date "2024.09.22"]
[Round "11.29"]
[Board "3"]
[White "Avila Pavas, Santiago"]
[Black "Aoshima, Mirai"]
[Result "1-0"]
[WhiteElo "2485"]
[BlackElo "2385"]
[PlyCount "75"]
[EventDate "2024.09.11"]
[WhiteTeam "Colombia"]
[BlackTeam "Japan"]
[WhiteTeamCountry "COL"]
[BlackTeamCountry "JPN"]

1. e4 c5 2. Nf3 d6 3. Bb5+ Nd7 4. d4 cxd4 5. Qxd4 a6 6. Be2 Ngf6 7. c4 e5 8. Qe3 d5 9. exd5 Bc5 10. Qb3 e4 11. Nh4 ({RR} 11. Ng1 Ne5 12. Be3 Qa5+ 13. Nd2 Bxe3 14. Qxe3 O-O 15. Qc3 Qxc3 16. bxc3 Re8 17. Rb1 b5 18. cxb5 Nd3+ 19. Kf1 axb5 20. f3 Nxd5 21. Bxd3 exd3 22. f4 Rxa2 23. Ngf3 Bg4 24. Rxb5 Bxf3 25. Nxf3 Ne3+ {0-1 Ismayil,M (2165)-Rustamov,R (2285) Baku Open 2024 (7.34)}) 11... O-O 12. O-O b5 13. Qg3 $146 ({RR} 13. cxb5 axb5 14. Nc3 b4 15. Nb5 Nb6 16. d6 Nbd5 17. Bg5 h6 18. Bxf6 Nxf6 19. Rac1 Be6 20. Bc4 Bxc4 21. Rxc4 Qb6 22. a4 bxa3 23. bxa3 Rxa3 24. Qb1 Ra5 25. Nc3 Qa6 26. Qb3 Bxd6 27. g3 Rb8 {0-1 Henriquez Villagra,C (2618)-Volokitin,A (2674) AimChess Rapid Play-In 2023 (4.49)}) 13... Nb6 14. Nc3 Nxc4 15. Bh6 Ne8 16. Nxe4 Be7 17. Bg5 f6 18. Bxc4 bxc4 19. d6 Nxd6 20. Bh6 Ne8 21. Rad1 Qb6 22. Nc3 Qxb2 23. Rfe1 Ra7 24. Rb1 Qc2 25. Qb8 Bc5 26. Ne4 Rc7 27. Bf4 Ba7 28. Qa8 Re7 29. Rbc1 Qxa2 30. Qxc8 f5 31. Nxf5 Ref7 32. Qe6 Kh8 33. Ng5 Rf6 34. Nf7+ R6xf7 35. Qxf7 Qxf2+ 36. Kh1 Qg1+ 37. Rxg1 Rxf7 38. Rge1 1-0